=LDR 00000nam 2200000 4500 =001 INLIS000000000008507 =005 20190204033503 =035 ##$$a 0010-061300000008507 =008 190204###########################0#eng## =041 ##$$a Ind =082 ##$$a 420.7 =090 ##$$a 420.7, Glo g =245 ##$$a Global Access To The World Of Work, Book 3, /$c Ali Sakti [at.al.] =260 ##$$a Semarang,$c 2001 =300 ##$$a 112 hlm, ; $c 28 cm =650 ##$$a Bahasa Inggris =850 ##$$a NBPNMAT =084 ##$$a 420.7 GLO =700 #$$a Ali Sakti [at.al.] =990 ##$$a 0001/BPAP-NTB/20142014 =990 ##$$a 01810181 =990 ##$$a 170.015 pb.2002 =990 ##$$a 0001/BPAP-NTB/20142014